Normal view
MARC view
- Alishba Salahuddin
Entry Personal Name
001 - CONTROL NUMBER
- control field: 70178
003 - CONTROL NUMBER IDENTIFIER
- control field: NUST
005 - DATE AND TIME OF LATEST TRANSACTION
- control field: 20210628204409.0
008 - FIXED-LENGTH DATA ELEMENTS
- fixed length control field: 210628|| aca||aabn | a|a d
040 ## - CATALOGING SOURCE
- Original cataloging agency: NUST
- Transcribing agency: NUST
100 ## - HEADING--PERSONAL NAME
- Personal name: Alishba Salahuddin
670 ## - SOURCE DATA FOUND
- Source citation: Work cat.: (NUST): Alishba Salahuddin, TH-SOF-1667-Tracking of Anterior Mitral Leaflets in Echocardiographic Sequences for Detection of Rheumatic Heart Disease, 2019
